00393nam a2200133Ia 4500008004100000020001500041041001200056082001600068100001800084245009400102260003900196300000800235650001600243221030s9999 xx 000 0 und d a8190082876 aEnglish a105.23bGan aR. S. Ganokar 0aMicroprocessors, Architecture, Programming & Applications with the 8085cby R. S. Ganokar bPearson EducationaNew Delhic2002 a788 aBE Computer